Statistics for Name the K-Pop artist!

Click here to take the quiz!

General Stats

  • This quiz has been taken 1,454 times
  • The average score is 10 of 20

Answer Stats

HintAnswer% Correct
I am the Best2NE1
89%
Run Devil RunGirl's Generation
88%
HistoryEXO-K
82%
ReplaySHINee
82%
MonsterBIGBANG
80%
BonamanaSuper Junior
80%
AbracadabraBrown Eyed Girls
69%
I Don't Need a ManMiss A
68%
NeverlandU-Kiss
60%
MysteryBeast
55%
JanusBoyfriend
51%
BounceJJ Project
43%
Rock 'Ur BodyVIXX
38%
GoodnightB1A4
31%
Dancing in the RainB.A.P.
27%
Monday to SundayBTOB
22%
SandyNu'est
21%
ScribbleMBLAQ
19%
We are a Bit DifferentEvoL
17%
I Feel GoodEXID
17%

Score Distribution

Percentile by Number Answered

Percent of People with Each Score

Your Score History

You have not taken this quiz